[Event "GER-chT Seniors 24th"]
[Site "Berlin"]
[Date "2015.09.11"]
[Round "6.2"]
[White "Schumacher, Gottfried"]
[Black "Jeske, Eckhard"]
[Result "1-0"]
[WhiteElo "2218"]
[BlackElo "2144"]
[PlyCount "39"]
[EventDate "2015.09.06"]
[EventType "team-swiss"]
[EventRounds "7"]
[EventCountry "GER"]
[SourceTitle "EXT 2018"]
[Source "ChessBase"]
[SourceDate "2017.10.13"]
[SourceVersion "1"]
[SourceVersionDate "2017.10.13"]
[SourceQuality "1"]

1. e4 c6 2. Nf3 d5 3. e5 Bg4 4. h3 Bxf3 5. Qxf3 e6 6. Qg3 Ne7 7. d4 c5 8. dxc5 Nd7 9. b4 Nc6 10. a3 Ncxe5 11. Bb2 Ng6 12. c4 Nf6 13. cxd5 Nxd5 14. Bb5+ Ke7 15. Nc3 Nxc3 16. Bxc3 Qb8 17. Qf3 a6 18. Ba4 Qc7 19. Rd1 Rd8 20. 0-0 1-0

[Event "GER-chT Seniors 24th"]
[Site "Berlin"]
[Date "2015.09.10"]
[Round "5.2"]
[White "Jeske, Eckhard"]
[Black "Ljubarskij, Jurij"]
[Result "0-1"]
[WhiteElo "2144"]
[BlackElo "2226"]
[PlyCount "56"]
[EventDate "2015.09.06"]
[EventType "team-swiss"]
[EventRounds "7"]
[EventCountry "GER"]
[SourceTitle "EXT 2018"]
[Source "ChessBase"]
[SourceDate "2017.10.13"]
[SourceVersion "1"]
[SourceVersionDate "2017.10.13"]
[SourceQuality "1"]
[WhiteTeam "Mecklenburg Vorpommern Seniors"]
[BlackTeam "Niedersachsen Seniors"]
[WhiteTeamCountry "GER"]
[BlackTeamCountry "GER"]

1. Nf3 Nf6 2. c4 c6 3. d4 d5 4. cxd5 cxd5 5. Nc3 Nc6 6. Bf4 Nh5 7. Bd2 Nf6 8. e3 Bg4 9. Be2 e6 10. Qa4 Nd7 11. a3 Bd6 12. b4 0-0 13. Qb3 Rc8 14. Rc1 f5 15. Nxd5 Kh8 16. Nc3 e5 17. dxe5 Ndxe5 18. Nxe5 Nxe5 19. f4 Bxe2 20. Kxe2 Nc4 21. Nb1 b5 22. Rcd1 Qe7 23. Kf2 Rcd8 24. Rhe1 Rf6 25. Kg1 Re6 26. g3 Bc7 27. Kg2 Bb6 28. Nc3 Qb7+ 0-1

[Event "GER-chT Seniors 24th"]
[Site "Berlin"]
[Date "2015.09.06"]
[Round "1.2"]
[White "Haase, Wolfgang"]
[Black "Jeske, Eckhard"]
[Result "1/2-1/2"]
[WhiteElo "2133"]
[BlackElo "2144"]
[PlyCount "119"]
[EventDate "2015.09.06"]
[EventType "team-swiss"]
[EventRounds "7"]
[EventCountry "GER"]
[SourceTitle "EXT 2018"]
[Source "ChessBase"]
[SourceDate "2017.10.13"]
[SourceVersion "1"]
[SourceVersionDate "2017.10.13"]
[SourceQuality "1"]
[WhiteTeam "Hessen Seniors II"]
[BlackTeam "Mecklenburg Vorpommern Seniors"]
[WhiteTeamCountry "GER"]
[BlackTeamCountry "GER"]

1. Nf3 d5 2. d4 c6 3. Bf4 Nf6 4. e3 Bg4 5. h3 Bxf3 6. Qxf3 e6 7. Nd2 Bd6 8. Bd3 Qc7 9. c3 Nbd7 10. Qg3 Bxf4 11. Qxf4 e5 12. dxe5 Qxe5 13. Qb4 Qc7 14. Nf3 0-0-0 15. 0-0-0 Rhe8 16. Bf5 Kb8 17. Rhe1 Ne5 18. Qf4 Nxf3 19. Qxc7+ Kxc7 20. gxf3 Re5 21. Bd3 Rde8 22. Rg1 g6 23. Rg3 Nh5 24. Rgg1 f5 25. f4 R5e7 26. Kd2 a6 27. Rde1 c5 28. Be2 Nf6 29. Bf3 Rd8 30. Kc2 b5 31. b3 Red7 32. Rd1 d4 33. Rge1 d3+ 34. Kd2 Ne4+ 35. Bxe4 fxe4 36. c4 bxc4 37. bxc4 Rb8 38. Rb1 Rb4 39. Rxb4 cxb4 40. f3 exf3 41. Rf1 Kc6 42. Rxf3 Kc5 43. f5 gxf5 44. Rxf5+ Kxc4 45. Rf4+ Kb5 46. Rf5+ Ka4 47. e4 a5 48. Rc5 Rc7 49. Kxd3 Ka3 50. Rc2 Rg7 51. Kd4 Rg3 52. Rh2 Rg1 53. e5 Re1 54. Kd5 a4 55. e6 b3 56. axb3 axb3 57. Kd6 b2 58. Rxb2 Kxb2 59. e7 Kc3 60. Kd7 1/2-1/2

[Event "GER-chA Seniors 27th"]
[Site "Magdeburg"]
[Date "2015.08.23"]
[Round "9"]
[White "Kliewe, Hans Juergen"]
[Black "Jeske, Eckhard"]
[Result "1/2-1/2"]
[WhiteElo "2009"]
[BlackElo "2153"]
[PlyCount "101"]
[EventDate "2015.08.15"]
[EventType "swiss"]
[EventRounds "9"]
[EventCountry "GER"]
[SourceTitle "EXT 2018"]
[Source "ChessBase"]
[SourceDate "2017.10.13"]
[SourceVersion "1"]
[SourceVersionDate "2017.10.13"]
[SourceQuality "1"]

1. d4 Nf6 2. Nf3 d5 3. Bf4 e6 4. e3 c5 5. c3 Nc6 6. Be2 Be7 7. h3 a6 8. 0-0 cxd4 9. exd4 Qb6 10. Qc2 Bd7 11. Nbd2 Rc8 12. Qb3 Qa7 13. Ne5 Na5 14. Qd1 Qb6 15. Rb1 0-0 16. Nxd7 Nxd7 17. Bd3 g6 18. Re1 Qd8 19. Nf3 b5 20. a3 Nc4 21. Qc1 a5 22. Bxc4 Rxc4 23. Be5 Nxe5 24. Nxe5 Rc7 25. Qd2 Bf6 26. Nd3 Be7 27. b4 Ra7 28. Rb2 Qc7 29. Nc5 Rfa8 30. g3 Qc6 31. Qe2 axb4 32. axb4 Ra3 33. Rc1 Bd6 34. Rcc2 Kg7 35. Ra2 h5 36. Rxa3 Rxa3 37. Kg2 e5 38. Qd2 Qa8 39. Qe2 Qc6 40. Qd2 Qa8 41. Qe2 Qe8 42. Qe3 e4 43. Qg5 f5 44. g4 hxg4 45. hxg4 f4 46. Rc1 f3+ 47. Kf1 Qh8 48. Ne6+ Kf7 49. Nd8+ Ke8 50. Qxg6+ Kxd8 51. Qxd6+ 1/2-1/2

[Event "GER-chA Seniors 27th"]
[Site "Magdeburg"]
[Date "2015.08.17"]
[Round "3"]
[White "Peleikis, Horst"]
[Black "Jeske, Eckhard"]
[Result "0-1"]
[WhiteElo "2063"]
[BlackElo "2153"]
[PlyCount "130"]
[EventDate "2015.08.15"]
[EventType "swiss"]
[EventRounds "9"]
[EventCountry "GER"]
[SourceTitle "EXT 2018"]
[Source "ChessBase"]
[SourceDate "2017.10.13"]
[SourceVersion "1"]
[SourceVersionDate "2017.10.13"]
[SourceQuality "1"]

1. e4 c6 2. d4 g6 3. Nc3 d5 4. e5 h5 5. h3 Bf5 6. Bd3 Bxd3 7. Qxd3 e6 8. Nf3 a6 9. Ne2 c5 10. c3 Nc6 11. 0-0 Nh6 12. Bg5 Be7 13. Qd2 Nf5 14. Bxe7 Qxe7 15. Rfd1 0-0-0 16. Qg5 cxd4 17. Qxe7 Nfxe7 18. cxd4 Nf5 19. Ng5 Rd7 20. Rac1 Rc7 21. Rc3 Kb8 22. f4 Rhc8 23. Kf2 Nd8 24. Rdc1 Nc6 25. Rd1 h4 26. Nf3 Rg8 27. Ng5 Rd7 28. Rc5 Rh8 29. Rc3 Kc8 30. b4 Kb8 31. a3 Na7 32. a4 Nc6 33. b5 axb5 34. axb5 Na5 35. Rdc1 Nc4 36. Nf3 Ka7 37. Rb3 Kb6 38. Ra1 Rdd8 39. Nc3 Ra8 40. Na4+ Kc7 41. Rbb1 Ra5 42. Nc3 Rha8 43. Rxa5 Rxa5 44. Ke2 Ra3 45. Kd3 Nce3 46. Ne1 Ng3 47. Nc2 Nxc2 48. Kxc2 Ra5 49. Kb3 Ne4 50. b6+ Kc6 51. Kb4 Nxc3 52. Kxc3 Ra2 53. Rg1 Kxb6 54. g4 Ra3+ 55. Kd2 Rxh3 56. f5 Rg3 57. Rf1 h3 58. fxe6 fxe6 59. Rf8 Rxg4 60. Ke3 Rh4 61. Rf1 h2 62. Rh1 Rh3+ 63. Ke2 Kb5 64. Kf2 Kc4 65. Kg2 Rh5 0-1

[Event "Bundesliga 1415"]
[Site "Germany"]
[Date "2015.04.12"]
[Round "15.7"]
[White "Dautov, Rustem"]
[Black "Jeske, Eckhard"]
[Result "1-0"]
[WhiteElo "2604"]
[BlackElo "2165"]
[PlyCount "61"]
[EventDate "2014.10.18"]
[EventType "team-tourn"]
[EventRounds "15"]
[EventCountry "GER"]
[SourceTitle "CBM 166"]
[Source "ChessBase"]
[SourceDate "2015.05.11"]
[SourceVersion "1"]
[SourceVersionDate "2015.05.11"]
[SourceQuality "1"]
[WhiteTeam "Baden-Baden"]
[BlackTeam "Rostock"]
[WhiteTeamCountry "GER"]
[BlackTeamCountry "GER"]

1. d4 Nf6 2. c4 c6 3. Nf3 d5 4. Qc2 g6 5. Bf4 Bg7 6. e3 Bf5 7. Qb3 Qb6 8. Nc3 Qxb3 9. axb3 0-0 10. h3 a6 11. g4 Be4 12. Nxe4 Nxe4 13. Bd3 Nf6 14. Ke2 Re8 15. Rhc1 e6 16. g5 Nfd7 17. h4 Nf8 18. h5 Nbd7 19. Ra5 Rad8 20. Bc7 Rc8 21. Bd6 Nb6 22. Rh1 Red8 23. Be7 Re8 24. Bd6 Red8 25. c5 Na8 26. Ne5 Bxe5 27. dxe5 Nc7 28. Ra4 Rd7 29. Rah4 Nb5 30. Bxf8 Rxf8 31. hxg6 1-0

[Event "GER-chA Seniors 26th"]
[Site "Bad Neuenahr"]
[Date "2014.08.08"]
[Round "4"]
[White "Jeske, Eckhard"]
[Black "Klein, Reinhard"]
[Result "1/2-1/2"]
[WhiteElo "2207"]
[BlackElo "1971"]
[PlyCount "82"]
[EventDate "2014.08.05"]
[EventType "swiss"]
[EventRounds "9"]
[EventCountry "GER"]
[SourceTitle "EXT 2018"]
[Source "ChessBase"]
[SourceDate "2017.10.13"]
[SourceVersion "1"]
[SourceVersionDate "2017.10.13"]
[SourceQuality "1"]

1. c4 e5 2. Nc3 Nf6 3. Nf3 Nc6 4. d4 exd4 5. Nxd4 Bb4 6. Bg5 0-0 7. e3 h6 8. Bh4 Re8 9. Rc1 Ne5 10. Bd3 Nxd3+ 11. Qxd3 d6 12. 0-0 Bxc3 13. Rxc3 g5 14. Bg3 Ne4 15. Ra3 Bd7 16. Ne2 Qf6 17. b4 Qg6 18. Qd4 b6 19. f3 Nxg3 20. Nxg3 Bc6 21. e4 a5 22. bxa5 bxa5 23. Nf5 Bd7 24. Ne3 Be6 25. Rc1 Qg7 26. Qd2 a4 27. Rac3 Reb8 28. Nd5 Bxd5 29. cxd5 a3 30. Rxc7 Rb2 31. R7c2 Rab8 32. h3 Qe5 33. Kf2 Rxc2 34. Rxc2 Rb2 35. Ke2 f5 36. Rxb2 axb2 37. Qc2 fxe4 38. fxe4 Qd4 39. a4 Qg1 40. Qc8+ Kg7 41. Qd7+ Kg6 1/2-1/2

[Event "GER-chA Seniors 26th"]
[Site "Bad Neuenahr"]
[Date "2014.08.05"]
[Round "1"]
[White "Weller, Karl"]
[Black "Jeske, Eckhard"]
[Result "1-0"]
[WhiteElo "1971"]
[BlackElo "2207"]
[PlyCount "51"]
[EventDate "2014.08.05"]
[EventType "swiss"]
[EventRounds "9"]
[EventCountry "GER"]
[SourceTitle "EXT 2018"]
[Source "ChessBase"]
[SourceDate "2017.10.13"]
[SourceVersion "1"]
[SourceVersionDate "2017.10.13"]
[SourceQuality "1"]

1. c4 Nf6 2. Nc3 d5 3. cxd5 Nxd5 4. e4 Nb4 5. Bc4 e6 6. Nf3 Nd3+ 7. Ke2 Nxc1+ 8. Rxc1 c5 9. d4 cxd4 10. Bb5+ Bd7 11. Qxd4 a6 12. Bxd7+ Qxd7 13. Qe3 Bb4 14. Rhd1 Qc6 15. Nd5 Qb5+ 16. Qd3 Qxd3+ 17. Rxd3 exd5 18. Rc8+ Ke7 19. Rxh8 dxe4 20. Rdd8 exf3+ 21. Kxf3 b5 22. Rhe8+ Kf6 23. Rxb8 Ra7 24. Rb6+ Kg5 25. h4+ Kh5 26. Re5+ 1-0